[Event "HUN-chT 1516"]
[Site "Hungary"]
[Date "2015.12.06"]
[Round "4.11"]
[White "Krutti, Valer"]
[Black "Tegzes, Laszlo"]
[Result "1-0"]
[WhiteElo "2347"]
[BlackElo "2041"]
[PlyCount "89"]
[EventDate "2015.11.07"]
[EventType "team-tourn"]
[EventRounds "11"]
[EventCountry "HUN"]
[SourceTitle "CBM 169 Extra"]
[Source "ChessBase"]
[SourceDate "2015.12.18"]
[SourceVersion "1"]
[SourceVersionDate "2015.12.18"]
[SourceQuality "1"]
[WhiteTeam "Aquaprofit"]
[BlackTeam "Husi"]
[WhiteTeamCountry "HUN"]
[BlackTeamCountry "HUN"]

1. d4 Nf6 2. c4 g6 3. Nc3 Bg7 4. e4 d6 5. Be2 0-0 6. Bg5 h6 7. Be3 e5 8. d5 Nbd7 9. Qd2 Kh7 10. f3 a6 11. g4 Ne8 12. h4 c6 13. h5 g5 14. Nh3 f6 15. 0-0 Rf7 16. Nf2 Bf8 17. Rfc1 c5 18. a3 b6 19. b4 Rb8 20. Rab1 Qc7 21. Nfd1 Rb7 22. Bf2 Qb8 23. Ne3 Ng7 24. Rc2 Be7 25. Rcb2 Bd8 26. Bd1 Nf8 27. Kg2 Kg8 28. Be1 Kh7 29. Ba4 b5 30. cxb5 axb5 31. Bxb5 Rxb5 32. Nxb5 Qxb5 33. bxc5 Qxc5 34. Rc1 Qxa3 35. Rxc8 Ba5 36. Ra8 Bxd2 37. Rxa3 Bxe1 38. Rb8 Kg8 39. Nc4 Rc7 40. Raa8 Ne8 41. Rxe8 Rxc4 42. Rxf8+ Kg7 43. Rfc8 Rxc8 44. Rxc8 Bb4 45. Kf1 1-0

[Event "HUN-chT2 Charousek 1516"]
[Site "Hungary"]
[Date "2015.10.18"]
[Round "1.3"]
[White "Pataki, Gyozo"]
[Black "Krutti, Valer"]
[Result "1/2-1/2"]
[WhiteElo "2347"]
[BlackElo "2347"]
[PlyCount "28"]
[EventDate "2015.10.18"]
[EventType "team-tourn"]
[EventRounds "9"]
[EventCountry "HUN"]
[SourceTitle "CBM 170 Extra"]
[Source "ChessBase"]
[SourceDate "2016.02.25"]
[SourceVersion "1"]
[SourceVersionDate "2016.02.25"]
[SourceQuality "1"]
[WhiteTeam "Decs 1990"]
[BlackTeam "Aquaprofit II"]
[WhiteTeamCountry "HUN"]
[BlackTeamCountry "HUN"]

1. d4 d5 2. c4 c6 3. cxd5 cxd5 4. Nc3 Nf6 5. Bf4 Nc6 6. e3 a6 7. Bd3 Bg4 8. Nge2 e6 9. Rc1 Be7 10. Qb3 Na5 11. Qa4+ Nc6 12. Qb3 Na5 13. Qa4+ Nc6 14. Qb3 Na5 1/2-1/2

[Event "HUN-chT2 Charousek 1415"]
[Site "Hungary"]
[Date "2015.04.26"]
[Round "9"]
[White "Krutti, Valer"]
[Black "Dankhazi, Andras"]
[Result "1/2-1/2"]
[WhiteElo "2355"]
[BlackElo "2237"]
[PlyCount "30"]
[EventDate "2014.10.12"]
[EventType "team-tourn"]
[EventRounds "9"]
[EventCountry "HUN"]
[SourceTitle "EXT 2016"]
[Source "ChessBase"]
[SourceDate "2015.10.08"]
[SourceVersion "1"]
[SourceVersionDate "2015.10.08"]
[SourceQuality "1"]
[WhiteTeam "Aquaprofit II"]
[BlackTeam "Paks ASE II"]
[WhiteTeamCountry "HUN"]
[BlackTeamCountry "HUN"]

1. c4 c5 2. Nf3 Nc6 3. d4 cxd4 4. Nxd4 Nf6 5. Nc3 e6 6. a3 Be7 7. g3 Qb6 8. e3 d5 9. cxd5 Nxd5 10. Na4 Qc7 11. Nxc6 Qxc6 12. Bg2 Bd7 13. e4 Qxa4 14. Qxa4 Bxa4 15. exd5 exd5 1/2-1/2